00361pab a2200133 454500008004000000100001900040245004200059260000900101300001100110362001000121650004900131650002700180773002000207180718b2007 xxu||||| |||| 00| 0 eng d aDeshmukh, R.B. aAgricultural education in Maharashtra c2007 ap.5-7. a4 Feb aAgricultural education - India - Maharashtra aAgricultural education aUniversity News